Statistics for Population vs Area

Click here to take the quiz!

General Stats

  • This quiz has been taken 27 times
  • The average score is 19 of 20

Answer Stats

Biggest CountriesI Like Cheese% Correct
2,381,741Algeria
100%
7,692,024Australia
100%
212,559,417 | 8,515,767Brazil
100%
1,439,323,776 | 9,596,961China
100%
1,380,004,385 | 3,287,263India
100%
145,934,462 | 17,098,242Russia
100%
331,002,651 | 9,833,517United States
100%
2,780,400Argentina
96%
9,984,670Canada
96%
273,523,615Indonesia
92%
2,724,900Kazakhstan
92%
128,932,753Mexico
92%
206,139,589Nigeria
92%
220,892,340Pakistan
92%
164,689,383Bangladesh
88%

Score Distribution

Percentile by Number Answered

Percent of People with Each Score

Your Score History

You have not taken this quiz